Building and enhancing new literaries across the curriculum (Record no. 99141)

MARC details
000 -LEADER
fixed length control field 00955nam a22002777a 4500
003 - CONTROL NUMBER IDENTIFIER
control field URS
005 - DATE AND TIME OF LATEST TRANSACTION
control field 20260323090650.0
008 - FIXED-LENGTH DATA ELEMENTS--GENERAL INFORMATION
fixed length control field 260211b |||||||| |||| 00| 0 eng d
020 ## - INTERNATIONAL STANDARD BOOK NUMBER
International Standard Book Number 9786214092475
040 ## - CATALOGING SOURCE
Original cataloging agency DLC
Language of cataloging eng
Transcribing agency DLC
Modifying agency URS
Description conventions rda
050 ## - LIBRARY OF CONGRESS CALL NUMBER
Classification number LB 1028.43
Item number .Sa158 2024
100 ## - MAIN ENTRY--PERSONAL NAME
Personal name Sadorra, Bryan Eli B.
245 ## - TITLE STATEMENT
Title Building and enhancing new literaries across the curriculum
264 ## - PRODUCTION, PUBLICATION, DISTRIBUTION, MANUFACTURE, AND COPYRIGHT NOTICE
Place of production, publication, distribution, manufacture Mandaluyong City
Name of producer, publisher, distributor, manufacturer Books atbp. publishing corp.
Date of production, publication, distribution, manufacture, or copyright notice c2024
300 ## - PHYSICAL DESCRIPTION
Extent viii,
Other physical details 160 pages; ill.some(b&w);
Dimensions 26 cm.
336 ## - CONTENT TYPE
Source rdacontent
Content type term text
Content type code txt
337 ## - MEDIA TYPE
Source rdamedia
Media type term unmediated
Media type code n
338 ## - CARRIER TYPE
Source rdacarrier
Carrier type term volume
Carrier type code nc
504 ## - BIBLIOGRAPHY, ETC. NOTE
Bibliography, etc. note includes references.
546 ## - LANGUAGE NOTE
Language note in English text.
650 ## - SUBJECT ADDED ENTRY--TOPICAL TERM
Source of heading or term Literacy -study and teaching- Philippines
650 ## - SUBJECT ADDED ENTRY--TOPICAL TERM
Source of heading or term Education - Philippines
700 ## - ADDED ENTRY--PERSONAL NAME
Personal name Fernando, Madeline T.
Relator term author
700 ## - ADDED ENTRY--PERSONAL NAME
Personal name Gaoat, Gina Sylvia S.
Relator term author
942 ## - ADDED ENTRY ELEMENTS (KOHA)
Source of classification or shelving scheme Library of Congress Classification
Koha item type Filipiniana
Classification part LB 1028.43
Item part .Sa158 2024

No items available.

University of Rizal System
Email us at univlibservices@urs.edu.ph

Visit our Website www.urs.edu.ph/library